000 00805nam a2200229Ia 4500
003 GCL
008 140319s9999 xx 000 0 ara d
020 _a7315064977
040 _aGCL /
_cGCL
082 0 4 _a621.475
_bف ت
100 1 _aفاروق محمد العامرى
245 1 0 _aتصميم مولدات الطاقة الشمسية= DESIGN OF SOLAR GENERATORS /
_cفاروق محمد العامرى
250 _aالاولى
260 _aالقاهرة :
_bمركز ناصر للدراسات الالكترونية ،
_c1995
300 _a236 ص:
_bايض ؛
_c24 سم
490 _a
650 0 4 _aالطاقة الشمسية
650 0 4 _aالهندسة الشمسية
650 0 4 _aالاشعاع الشمسى
650 0 4 _aمحركات الطاقة الشمسية
942 _2ddc
_cBK
999 _c43961
_d43961